K některým problémům vědeckovýzkumné činnosti vysokých škol

Problematika vedy a výskumu na vysokých školách. Obnovenie ich výskumnej funkcie. Spojenie výučby s výskumom.

Na minha lista:
Detalhes bibliográficos
Autor principal: Roth, O.
Formato: Capítulo de Livro
Idioma:tcheco
Assuntos:
Tags: Adicionar Tag
Sem tags, seja o primeiro a adicionar uma tag!

MARC

LEADER 00000naa a2200000 4500
001 r024802
005 20221205085819.0
041 0 |a cze 
044 |a CZ 
245 1 0 |a K některým problémům vědeckovýzkumné činnosti vysokých škol  |c O. Roth 
520 |a Problematika vedy a výskumu na vysokých školách. Obnovenie ich výskumnej funkcie. Spojenie výučby s výskumom. 
610 2 0 |a školy vysoké 
610 2 0 |a výskum vedecký 
610 2 0 |a Česko 
100 1 |a Roth, O.